Essentials of Brownian motion and diffusion /
Guardado en:
| Autor Principal: | |
|---|---|
| Formato: | Libro |
| Idioma: | English |
| Publicado: |
Providence, R.I. :
American Mathematical Society,
1981.
|
| Series: | Mathematical surveys ;
no. 18. |
| Materias: | |
| Etiquetas: |
Agregar Etiqueta
Sin Etiquetas, Sea el primero en etiquetar este registro!
|
| LEADER | 00797cam a22002415a 4500 | ||
|---|---|---|---|
| 001 | MAT.inmabb002878 | ||
| 008 | 810107s1981####riu######b####001#0#eng## | ||
| 005 | 20120208111547.0 | ||
| 245 | 1 | 0 | |a Essentials of Brownian motion and diffusion / |c by Frank B. Knight. |
| 260 | |a Providence, R.I. : |b American Mathematical Society, |c 1981. | ||
| 300 | |a xiii, 201 p. ; |c 26 cm. | ||
| 490 | 1 | |a Mathematical surveys ; |v no. 18 | |
| 504 | |a Bibliografía: p. 195-198. | ||
| 510 | 4 | |a MR, |c 82m:60098 | |
| 020 | |a 0821815180 | ||
| 100 | 1 | |a Knight, Frank B., |d 1933- | |
| 830 | 0 | |a Mathematical surveys ; |v no. 18. | |
| 650 | 0 | |a Brownian motion processes. | |
| 650 | 0 | |a Diffusion processes. | |
| 084 | |a 60J65 (60J60) |2 msc2000 | ||
| 010 | |a 80029504 | ||
| 040 | |a DLC |c DLC |d DLC | ||
| 859 | |h 60 |i K69 |p A-5410 |b BIB. MATEMATICA | ||
